USA Gymnastics National Champions 1980-Now - Statistics

General Stats
  • This quiz has been taken 350 times
    225 since last reset
  • The average score is 125 of 195
Answer Stats
Hint Answer % Correct
Balance Beam Simone Biles
98%
2013 All Around Simone Biles
91%
2014 All Around Simone Biles
91%
Vault Simone Biles
91%
Floor Simone Biles
91%
2015 All Around Simone Biles
91%
Vault Simone Biles
91%
Balance Beam Simone Biles
91%
2016 All Around Simone Biles
91%
Vault Simone Biles
91%
Floor Simone Biles
91%
1989 All Around Brandy Johnson
89%
Vault Brandy Johnson
89%
Balance Beam Brandy Johnson
89%
Floor Brandy Johnson
89%
Vault Brandy Johnson
89%
Floor Brandy Johnson
89%
2007 All Around Shawn Johnson
89%
Balance Beam Shawn Johnson
89%
Floor Shawn Johnson
89%
2008 All Around Shawn Johnson
89%
Floor Shawn Johnson
89%
2005 All Around Nastia Liukin
88%
Uneven Bars Nastia Liukin
88%
Balance Beam Nastia Liukin
88%
2006 All Around Nastia Liukin
88%
Uneven Bars Nastia Liukin
88%
Balance Beam Nastia Liukin
88%
Uneven Bars Nastia Liukin
88%
Uneven Bars Nastia Liukin
88%
Balance Beam Nastia Liukin
88%
1985 All Around Sabrina Mar
88%
Uneven Bars Sabrina Mar
88%
Floor Sabrina Mar
88%
Balance Beam Aly Raisman
87%
Floor Aly Raisman
87%
Floor Aly Raisman
87%
Floor Dominique Dawes
87%
Uneven Bars Dominique Dawes
87%
Vault Dominique Dawes
87%
Balance Beam Dominique Dawes
87%
1994 All Around Dominique Dawes
87%
Vault Dominique Dawes
87%
Uneven Bars Dominique Dawes
87%
Balance Beam Dominique Dawes
87%
Floor Dominique Dawes
87%
Uneven Bars Dominique Dawes
87%
Floor Dominique Dawes
87%
Vault Dominique Dawes
87%
Uneven Bars Dominique Dawes
87%
Balance Beam Dominique Dawes
87%
Floor Dominique Dawes
87%
Balance Beam Shannon Miller
87%
1993 All Around Shannon Miller
87%
Uneven Bars Shannon Miller
87%
Floor Shannon Miller
87%
Vault Shannon Miller
87%
1996 All Around Shannon Miller
87%
1984 All Around Mary Lou Retton
86%
Vault Mary Lou Retton
86%
Floor Mary Lou Retton
86%
Vault McKayla Maroney
85%
Vault McKayla Maroney
85%
Floor McKayla Maroney
85%
All Around Carly Patterson
84%
Floor Carly Patterson
84%
Uneven Bars Gabrielle Douglas
83%
1995 All Around Dominique Moceanu
82%
Vault Dominique Moceanu
82%
Balance Beam Dominique Moceanu
82%
Vault Alicia Sacramone
81%
Floor Alicia Sacramone
81%
Vault Alicia Sacramone
81%
Floor Alicia Sacramone
81%
Vault Alicia Sacramone
81%
Vault Alicia Sacramone
81%
Vault Alicia Sacramone
81%
Balance Beam Alicia Sacramone
81%
Vault Alicia Sacramone
81%
Uneven Bars Kyla Ross
81%
Balance Beam Kyla Ross
81%
Balance Beam Kyla Ross
81%
2011 All Around Jordyn Wieber
80%
Uneven Bars Jordyn Wieber
80%
Floor Jordyn Wieber
80%
2012 All Around Jordyn Wieber
80%
Vault Kerri Strug
78%
Vault Kerri Strug
78%
Balance Beam Kerri Strug
78%
Uneven Bars Madison Kocian
78%
2009 All Around Bridget Sloan
74%
Uneven Bars Bridget Sloan
74%
Floor Bridget Sloan
74%
2010 All Around Rebecca Bross
74%
Uneven Bars Rebecca Bross
74%
Balance Beam Rebecca Bross
74%
1990 All Around Kim Zmeskal
72%
1991 All Around Kim Zmeskal
72%
Floor Kim Zmeskal
72%
1992 All Around Kim Zmeskal
72%
Balance Beam Kim Zmeskal
72%
Floor Kim Zmeskal
72%
2003 All Around Courtney Kupets
69%
2004 All Around Courtney Kupets
69%
Balance Beam Courtney Kupets
69%
Balance Beam Amy Chow
68%
Uneven Bars Ashton Locklear
63%
Uneven Bars Ashton Locklear
63%
Uneven Bars Elise Ray
62%
Floor Elise Ray
62%
2000 All Around Elise Ray
62%
Uneven Bars Elise Ray
62%
Balance Beam Betty Okino
61%
Balance Beam Ivana Hong
60%
Vault Annia Hatch
59%
Vault Annia Hatch
59%
1997 All Around Vanessa Atler
59%
Vault Vanessa Atler
59%
Floor Vanessa Atler
59%
Vault Vanessa Atler
59%
Balance Beam Vanessa Atler
59%
1998 All Around Kristen Maloney
58%
1999 All Around Kristen Maloney
58%
Vault Kristen Maloney
58%
Floor Kristen Maloney
58%
1980 All Around Julianne McNamara
57%
Vault Julianne McNamara
57%
Uneven Bars Julianne McNamara
57%
Balance Beam Julianne McNamara
57%
Uneven Bars Julianne McNamara
57%
Uneven Bars Julianne McNamara
57%
Vault Mohini Bhardwaj
56%
Vault Kayla Williams
55%
2001 All Around Tasha Schwikert
55%
Balance Beam Tasha Schwikert
55%
2002 All Around Tasha Schwikert
55%
Uneven Bars Tasha Schwikert
55%
Floor Tasha Schwikert
55%
Uneven Bars Tasha Schwikert
55%
Floor Mattie Larson
51%
1988 All Around Phoebe Mills
51%
Floor Phoebe Mills
51%
Uneven Bars Jamie Dantzscher
49%
Balance Beam Hollie Vise
47%
1981 All Around Tracee Talavera
45%
Balance Beam Tracee Talavera
45%
1982 All Around Tracee Talavera
45%
Balance Beam Tracee Talavera
45%
1987 All Around Kristie Phillips
43%
Balance Beam Kristie Phillips
43%
Floor Kristie Phillips
43%
Balance Beam Kelly Garrison
39%
Balance Beam Kelly Garrison
39%
Balance Beam Kelly Garrison
39%
Floor Ashley Postell
37%
Uneven Bars Melissa Marlowe
37%
Vault Rhonda Faehn
35%
Vault Rhonda Faehn
35%
1986 All Around Jennifer Sey
34%
All Around Kristy Powell
34%
Uneven Bars Kristy Powell
34%
Uneven Bars Chelle Stack
32%
Uneven Bars Chelle Stack
32%
Balance Beam Doni Thompson
32%
Uneven Bars Jennie Thompson
32%
Floor Tabitha Yim
32%
Balance Beam Tabitha Yim
32%
Balance Beam Kendall Beck
30%
Balance Beam Pam Bileck
30%
Balance Beam Alyssa Beckerman
28%
Uneven Bars Katie Heenan
28%
Uneven Bars Katie Heenan
28%
1983 All Around Dianne Durham
27%
Vault Dianne Durham
27%
Balance Beam Dianne Durham
27%
Floor Dianne Durham
27%
Uneven Bars Marcia Frederick
25%
Uneven Bars Sandy Woolsey
22%
Uneven Bars Marie Roethlisberger
21%
Uneven Bars Marie Roethlisberger
21%
Floor Randi Stageberg
18%
Floor Yolanda Mavity
18%
Vault Beth Kline
17%
Floor Beth Kline
17%
Uneven Bars Elisabeth Crandall
16%
Floor Amy Koopman
15%
Vault Yumi Mordre
13%
Vault Yumi Mordre
13%
Vault Joyce Wilborn
12%
Floor Lindsay Wing
12%
Floor Michelle Goodwin
12%
Balance Beam Angie Denkins
10%
Vault Elizabeth Tricase
9%
Vault Kim Neal
9%
Balance Beam Monica Flammer
7%
No matching quizzes found
Score Distribution
Percent of People with Each Score
Percentile by Number Answered
Your Score History
You have not taken this quiz since the last reset